000 00446cam a2200181ua 4500
020 _c375.00
041 _aeng
_h
082 _a671.53
_bSHA/ME
100 _aShaw, Milton C .
245 _aMetal cutting principles /
_cMilton C Shaw.
_hTextual Documents
250 _a2 /
_b.
260 _aCalcutta :
_bOxford University Press ,
_c2005.
300 _a ; .
365 _a375.00
504 _a
942 _cBK
999 _c13510
_d13510